Monetizácia startupov tvoriacich zisk

Spôsob, akým startup monetizuje svoj produkt, tovar, alebo službu, sa nazýva príjmový model. Analýza 76 startupov a ich príjmové modely, najmä tie vytvárajúce zisk. V diskusii vytvorenie vlastnej kategorizácie modelov podľa troch hľadísk - inšpirácia pre odbornú verejnosť a prax.

Enregistré dans:
Détails bibliographiques
Auteur principal: Tarišková, Natália, 1973-
Format: Chapitre de livre
Langue:slovaque
Sujets:
Tags: Ajouter un tag
Pas de tags, Soyez le premier à ajouter un tag!

MARC

LEADER 00000nla a2200000 4500
001 0240263
005 20240502073912.6
041 0 |a slo 
044 |a SK 
245 1 0 |a Monetizácia startupov tvoriacich zisk  |c Natália Tarišková 
520 |a Spôsob, akým startup monetizuje svoj produkt, tovar, alebo službu, sa nazýva príjmový model. Analýza 76 startupov a ich príjmové modely, najmä tie vytvárajúce zisk. V diskusii vytvorenie vlastnej kategorizácie modelov podľa troch hľadísk - inšpirácia pre odbornú verejnosť a prax. 
610 2 0 |a start-up 
610 2 0 |a zisk 
610 2 0 |a produkty 
610 2 0 |a služby 
610 2 0 |a príjmy 
610 2 0 |a strata obchodná 
610 2 0 |a predaj 
610 2 0 |a zákazníci 
100 1 |a Tarišková, Natália, 1973-